[Event "9. Open Club Ajedrez Ciudad los Angeles"]
[Site "Madrid ESP"]
[Date "2015.05.10"]
[Round "5.19"]
[White "Martin Garcia, Francisco Javie"]
[Black "Lopez Ziegler, Juan Jose"]
[Result "1-0"]
[WhiteElo "1576"]
[BlackElo "1573"]
[PlyCount "123"]
[EventDate "2015.03.29"]
[EventType "swiss"]
[EventRounds "9"]
[EventCountry "ESP"]
[Source "lmi"]
[SourceDate "2015.03.29"]

1. d4 Nf6 2. Nf3 e6 3. g3 Nc6 4. Bg2 g6 5. O-O Bg7 6. c4 O-O 7. Nc3 d6 8. e4
Qe7 9. h3 e5 10. Be3 exd4 11. Nxd4 Nxd4 12. Bxd4 c5 13. Be3 Be6 14. Nd5 Bxd5
15. exd5 Nd7 16. Re1 Rfe8 17. Qd2 Qf6 18. Rab1 Ne5 19. Bg5 Nf3+ 20. Bxf3 Qxf3
21. Bf4 Be5 22. Bxe5 Rxe5 23. Rxe5 dxe5 24. Re1 Qf6 25. b3 Qd6 26. Kg2 f5 27.
h4 Kg7 28. h5 b6 29. hxg6 Kxg6 30. Rh1 h5 31. f3 Rh8 32. g4 fxg4 33. fxg4 e4
34. gxh5+ Rxh5 35. Rxh5 Kxh5 36. Qe2+ Kh6 37. Qxe4 Kg7 38. Qg4+ Kf6 39. Qh4+
Kf5 40. Qh7+ Kg4 41. Qg7+ Kf5 42. Qh7+ Kg4 43. Qh3+ Kg5 44. Qg3+ Qxg3+ 45. Kxg3
Kf5 46. Kf3 Ke5 47. Kg4 b5 48. Kg5 a5 49. Kg6 a4 50. Kf7 axb3 51. axb3 bxc4 52.
bxc4 Kd4 53. d6 Kxc4 54. d7 Kb3 55. d8=Q c4 56. Qd5 Kb4 57. Qd1 c3 58. Qc1 Kc4
59. Ke6 Kb3 60. Kd5 c2 61. Kd4 Ka2 62. Kd3 1-0

[Event "9. Open Club Ajedrez Ciudad los Angeles"]
[Site "Madrid ESP"]
[Date "2015.05.17"]
[Round "6.1"]
[White "Aziz Ortego, Omar Luis"]
[Black "Largo Barbero, Benito"]
[Result "1-0"]
[WhiteElo "2089"]
[BlackElo "1961"]
[PlyCount "123"]
[EventDate "2015.03.29"]
[EventType "swiss"]
[EventRounds "9"]
[EventCountry "ESP"]
[Source "lmi"]
[SourceDate "2015.03.29"]

1. d4 Nf6 2. c4 g6 3. Nc3 Bg7 4. e4 d6 5. f3 O-O 6. Be3 a6 7. Qd2 Nc6 8. Nge2
Rb8 9. d5 Ne5 10. Nd4 c5 11. Nc2 Nh5 12. Be2 Bd7 13. g4 Nf6 14. a4 b5 15. axb5
axb5 16. cxb5 Qc7 17. Na3 e6 18. g5 Nh5 19. f4 f5 20. gxf6 Nxf4 21. fxg7 Ng2+
22. Kd1 Nxe3+ 23. Qxe3 Kxg7 24. h4 h6 25. Nc4 Ra8 26. Kc2 Nxc4 27. Bxc4 e5 28.
Rag1 Qd8 29. Be2 Kh7 30. Rg3 Rf4 31. Rhg1 Be8 32. Bh5 Rf6 33. R1g2 Ra7 34. Qg1
Rg7 35. Bg4 Bd7 36. Bf5 Qe8 37. h5 Bxf5 38. exf5 g5 39. Rf2 Qf7 40. Qg2 Qa7 41.
Qe4 Rg8 42. Rf1 Ra8 43. Qd3 Kh8 44. Ne4 Qa4+ 45. Kd2 Qb4+ 46. Kc2 Qa4+ 47. Kc1
Rf7 48. Nxd6 Rfa7 49. b6 Rd7 50. Nc4 Qb4 51. Kc2 Ra4 52. Rg4 Qb5 53. Qe4 Rb4
54. Ra1 Ra4 55. Rd1 Ra2 56. Qxe5+ Rg7 57. Re4 Qa4+ 58. Kd2 Qb4+ 59. Ke3 Qb3+
60. Rd3 Qc2 61. f6 Qc1+ 62. Ke2 1-0

[Event "9. Open Club Ajedrez Ciudad los Angeles"]
[Site "Madrid ESP"]
[Date "2015.05.17"]
[Round "6.2"]
[White "Lobato Rivero, Carlos"]
[Black "Afana, Adham Jj"]
[Result "0-1"]
[WhiteElo "2030"]
[BlackElo "2009"]
[PlyCount "64"]
[EventDate "2015.03.29"]
[EventType "swiss"]
[EventRounds "9"]
[EventCountry "ESP"]
[Source "lmi"]
[SourceDate "2015.03.29"]

1. e4 c6 2. Nf3 d5 3. Nc3 dxe4 4. Nxe4 Bf5 5. Ng3 Bg6 6. d4 Nf6 7. Bc4 e6 8.
O-O Nh5 9. Ne5 Nxg3 10. fxg3 Be7 11. Be3 Nd7 12. Nxg6 hxg6 13. Qf3 O-O 14. Rae1
Nb6 15. Bb3 a5 16. a3 a4 17. Ba2 Nd5 18. Bc1 Bf6 19. c3 Rc8 20. Re4 b5 21. h4
c5 22. dxc5 Rxc5 23. h5 gxh5 24. Be3 Nxe3 25. Qxe3 Rg5 26. Kh2 Qc7 27. Bb1 Rd8
28. Ref4 Be5 29. Rxf7 Rxg3 30. Bh7+ Kxh7 31. Qe4+ Rg6+ 32. Kh1 Qxf7 0-1

[Event "9. Open Club Ajedrez Ciudad los Angeles"]
[Site "Madrid ESP"]
[Date "2015.05.17"]
[Round "6.4"]
[White "Lopez Ziegler, Carlos"]
[Black "Cuellar Gutierrez, Raul"]
[Result "1-0"]
[WhiteElo "1970"]
[BlackElo "1781"]
[PlyCount "38"]
[EventDate "2015.03.29"]
[EventType "swiss"]
[EventRounds "9"]
[EventCountry "ESP"]
[Source "lmi"]
[SourceDate "2015.03.29"]

1. e4 e6 2. Nf3 d5 3. e5 c5 4. b4 cxb4 5. d4 Nc6 6. a3 Nge7 7. axb4 Nxb4 8. c3
Nbc6 9. Bd3 Ng6 10. h4 Be7 11. Na3 O-O 12. Ng5 f5 13. Qh5 Bxg5 14. hxg5 Kf7 15.
Nb5 Ke8 16. Qxh7 Nge7 17. Qxg7 Kd7 18. Rh7 Rg8 19. Qh6 Rg6 1-0

[Event "9. Open Club Ajedrez Ciudad los Angeles"]
[Site "Madrid ESP"]
[Date "2015.05.17"]
[Round "6.5"]
[White "Huerto Moreno, Jorge"]
[Black "Fernandez Bonilla, M. Arcangel"]
[Result "0-1"]
[WhiteElo "1572"]
[BlackElo "1802"]
[PlyCount "80"]
[EventDate "2015.03.29"]
[EventType "swiss"]
[EventRounds "9"]
[EventCountry "ESP"]
[Source "lmi"]
[SourceDate "2015.03.29"]

1. d4 d5 2. c4 e6 3. Nc3 Nf6 4. Bg5 Be7 5. Bxf6 Bxf6 6. cxd5 exd5 7. e3 O-O 8.
Nge2 Re8 9. Nf4 c5 10. Ncxd5 cxd4 11. Qc2 Be5 12. O-O-O Nc6 13. Bb5 Bd7 14. Ne2
Rc8 15. Kb1 Nb4 16. Qxc8 Qxc8 17. Bxd7 Qxd7 18. Nxb4 Qf5+ 19. Nd3 dxe3 20. fxe3
Rd8 21. Nec1 Bf6 22. Rhe1 a5 23. e4 Qb5 24. g3 a4 25. a3 Qc4 26. e5 Bg5 27. h4
Be7 28. Nf4 Rxd1 29. Rxd1 g6 30. Ncd3 b6 31. Rc1 Qe4 32. Rc8+ Kg7 33. Rc7 g5
34. hxg5 Bxg5 35. Ka1 Bxf4 36. Nxf4 Qxe5 37. Ra7 b5 38. Rb7 Qe1+ 39. Ka2 Qe4
40. Rxf7+ Kxf7 0-1

[Event "9. Open Club Ajedrez Ciudad los Angeles"]
[Site "Madrid ESP"]
[Date "2015.05.17"]
[Round "6.6"]
[White "Sainz Pino, Fernando"]
[Black "Leniz Martinez, Francisco"]
[Result "1/2-1/2"]
[WhiteElo "1925"]
[BlackElo "1695"]
[PlyCount "136"]
[EventDate "2015.03.29"]
[EventType "swiss"]
[EventRounds "9"]
[EventCountry "ESP"]
[Source "lmi"]
[SourceDate "2015.03.29"]

1. e4 e6 2. d4 d5 3. e5 c5 4. c3 Nc6 5. Nf3 Qb6 6. Be2 f6 7. O-O fxe5 8. dxe5
Nge7 9. Bd3 Bd7 10. Na3 a6 11. Qc2 g6 12. Be3 Qa5 13. Qe2 c4 14. Bb1 Bg7 15.
Bg5 O-O 16. Nc2 Qc7 17. Re1 Rae8 18. Ncd4 Nxd4 19. Nxd4 Nc6 20. Nxc6 Qxc6 21.
Qe3 Rf7 22. h4 Qc7 23. g3 Ref8 24. Bf4 Qc6 25. Bc2 b5 26. Re2 Qb7 27. Qd4 Be8
28. Rd1 Bc6 29. Qe3 Re8 30. g4 Ref8 31. Rd4 Be8 32. g5 Rd7 33. Qh3 Qc6 34. Bd2
Rdf7 35. f4 Qb6 36. Be3 Qc7 37. Rf2 Qd7 38. h5 gxh5 39. Qxh5 Bh8 40. Qg4 Rf5
41. Bxf5 Rxf5 42. Rh2 Bg6 43. Rhd2 Bg7 44. b3 Qc7 45. bxc4 Qa5 46. cxd5 Qxc3
47. R2d3 Qa1+ 48. Qd1 Qxd1+ 49. Rxd1 exd5 50. Rxd5 Rf8 51. Rc1 Bf7 52. Rc7 Bxd5
53. Ra7 Bxa2 54. Rxa6 Bc4 55. Bc5 Re8 56. Bd6 h6 57. gxh6 Bxh6 58. f5 Bf4 59.
e6 Bxe6 60. fxe6 Rxe6 61. Ra8+ Kg7 62. Bxf4 b4 63. Rb8 Re1+ 64. Kf2 Rb1 65. Ke2
Kf6 66. Bd2 b3 67. Kd3 Ke6 68. Kc3 Kd5 1/2-1/2

[Event "9. Open Club Ajedrez Ciudad los Angeles"]
[Site "Madrid ESP"]
[Date "2015.05.17"]
[Round "6.7"]
[White "Bellod Thomas, Gonzalo"]
[Black "Pindado Campos, Raul"]
[Result "0-1"]
[WhiteElo "1709"]
[BlackElo "1919"]
[PlyCount "134"]
[EventDate "2015.03.29"]
[EventType "swiss"]
[EventRounds "9"]
[EventCountry "ESP"]
[Source "lmi"]
[SourceDate "2015.03.29"]

1. d4 Nf6 2. Nf3 d5 3. c4 e6 4. Nc3 Bb4 5. Bg5 O-O 6. e3 c6 7. Qc2 Nbd7 8. Bd3
Be7 9. O-O h6 10. Bh4 b6 11. cxd5 cxd5 12. Rac1 Bb7 13. Rfd1 a6 14. Qe2 b5 15.
h3 Nb6 16. Ne5 Nfd7 17. Bxe7 Qxe7 18. Nxd7 Nxd7 19. Bb1 Rfc8 20. Qd3 Nf6 21.
Ne2 Qb4 22. Rxc8+ Rxc8 23. Qd2 Qxd2 24. Rxd2 Kf8 25. Rc2 Rxc2 26. Bxc2 Ke7 27.
Kf1 Nd7 28. Nc1 Kd6 29. Nd3 Bc8 30. b4 Nb8 31. Nc5 Nc6 32. a3 e5 33. Nb3 e4 34.
Nc5 f5 35. Nb3 g5 36. Bd1 Ne7 37. g3 f4 38. h4 fxe3 39. fxe3 gxh4 40. gxh4 Nf5
41. Kf2 Nxh4 42. Nc5 Ng6 43. Bh5 Nf8 44. Kg3 Ne6 45. Bg4 Nxc5 46. dxc5+ Kc7 47.
Bxc8 Kxc8 48. Kf4 Kd7 49. Kg4 Ke6 50. Kf4 Kd7 51. Kg4 Ke6 52. Kf4 Kd7 53. Kg4
Kc6 54. Kf4 Kd7 55. Kg4 Ke6 56. Kf4 h5 57. Kg3 Ke5 58. Kf2 Kf5 59. Kg2 Ke5 60.
Kf2 Ke6 61. Kg2 Ke5 62. Kf2 h4 63. Kg2 d4 64. exd4+ Kd5 65. Kf2 h3 66. Kf1 e3
67. Kg1 e2 0-1

[Event "9. Open Club Ajedrez Ciudad los Angeles"]
[Site "Madrid ESP"]
[Date "2015.05.17"]
[Round "6.8"]
[White "Ruiz Castro, Manuel"]
[Black "Tarrio Ocana, Jose Manuel"]
[Result "1/2-1/2"]
[WhiteElo "1729"]
[BlackElo "1840"]
[PlyCount "62"]
[EventDate "2015.03.29"]
[EventType "swiss"]
[EventRounds "9"]
[EventCountry "ESP"]
[Source "lmi"]
[SourceDate "2015.03.29"]

1. e4 e6 2. Nf3 d5 3. exd5 exd5 4. d4 Nf6 5. Bg5 Be7 6. h3 Bf5 7. Bd3 Bxd3 8.
Qxd3 O-O 9. O-O h6 10. Bf4 Nc6 11. c3 Bd6 12. Bxd6 Qxd6 13. Nbd2 a6 14. Rfe1
Rae8 15. Rxe8 Rxe8 16. Re1 Rxe1+ 17. Nxe1 Qe6 18. Qe3 Qxe3 19. fxe3 Kf8 20. Nd3
b6 21. Nf2 Ne7 22. e4 dxe4 23. Nfxe4 Nxe4 24. Nxe4 Nd5 25. Nf2 Ke8 26. Nd3 f6
27. Kf2 Kd7 28. Kf3 a5 29. Ke4 Ne7 30. g4 c6 31. Nf4 g6 1/2-1/2

[Event "9. Open Club Ajedrez Ciudad los Angeles"]
[Site "Madrid ESP"]
[Date "2015.05.17"]
[Round "6.9"]
[White "Melcon Diez, Enrique"]
[Black "Martinez De Navascues, Francis"]
[Result "0-1"]
[WhiteElo "1597"]
[BlackElo "1776"]
[PlyCount "42"]
[EventDate "2015.03.29"]
[EventType "swiss"]
[EventRounds "9"]
[EventCountry "ESP"]
[Source "lmi"]
[SourceDate "2015.03.29"]

1. c4 b6 2. d4 Bb7 3. Nc3 e6 4. e4 Bb4 5. Qc2 Qh4 6. Bd3 f5 7. Nf3 Qg4 8. O-O
Bxc3 9. h3 Qh5 10. bxc3 Nf6 11. exf5 Bxf3 12. gxf3 Qxh3 13. fxe6 dxe6 14. Be4
c6 15. Ba3 Kf7 16. Bd6 g5 17. Qe2 Rg8 18. Rae1 Nh5 19. Bxh7 Rg7 20. d5 Nf4 21.
dxe6+ Ke8 0-1

[Event "9. Open Club Ajedrez Ciudad los Angeles"]
[Site "Madrid ESP"]
[Date "2015.05.17"]
[Round "6.10"]
[White "Canseco Arenas, Alfonso"]
[Black "Gines Martinez, Andres"]
[Result "0-1"]
[WhiteElo "1752"]
[BlackElo "1589"]
[PlyCount "75"]
[EventDate "2015.03.29"]
[EventType "swiss"]
[EventRounds "9"]
[EventCountry "ESP"]
[Source "lmi"]
[SourceDate "2015.03.29"]

1. a3 d5 2. Nf3 Nf6 3. d4 e6 4. e3 Nbd7 5. c4 c5 6. Nc3 a6 7. cxd5 exd5 8. dxc5
Nxc5 9. Be2 Be7 10. O-O O-O 11. h3 Be6 12. Nd4 Bd7 13. Bf3 Be6 14. Nde2 Nfe4
15. b4 Nxc3 16. Nxc3 Bf6 17. bxc5 Bxc3 18. Rb1 Qd7 19. Qb3 Bf6 20. Qxb7 Qxb7
21. Rxb7 Rfc8 22. e4 Rxc5 23. Be3 d4 24. Bf4 Rac8 25. Rb6 a5 26. Bd6 Rc3 27.
Rd1 d3 28. e5 Bg5 29. Bg4 d2 30. Bxe6 fxe6 31. Kh2 Rc1 32. Rxd2 Bxd2 33. Be7
Bf4+ 34. g3 Bxe5 35. Rxe6 Bd4 36. Bg5 R1c2 37. Be3 Bxe3 38. Rxe3 0-1

[Event "9. Open Club Ajedrez Ciudad los Angeles"]
[Site "Madrid ESP"]
[Date "2015.05.17"]
[Round "6.11"]
[White "Campos Diaz, Fernando"]
[Black "Caño Nieto, Jose Luis"]
[Result "1-0"]
[WhiteElo "1683"]
[BlackElo "1545"]
[PlyCount "83"]
[EventDate "2015.03.29"]
[EventType "swiss"]
[EventRounds "9"]
[EventCountry "ESP"]
[Source "lmi"]
[SourceDate "2015.03.29"]

1. d4 d5 2. Nf3 Nf6 3. Bf4 e6 4. e3 Bd6 5. Ne5 Nbd7 6. Nd2 O-O 7. Bd3 Be7 8. c3
Nxe5 9. dxe5 Nd7 10. Qh5 g6 11. Qg4 f5 12. Qg3 Bh4 13. Qh3 Bg5 14. Nf3 Bxf4 15.
exf4 Nc5 16. O-O-O Nxd3+ 17. Rxd3 Qe7 18. Qg3 Rf7 19. h4 Rg7 20. Qh3 b6 21. h5
gxh5 22. Qxh5 Qf7 23. Qxf7+ Kxf7 24. Ng5+ Kg8 25. Rdh3 Bb7 26. Rxh7 Rxh7 27.
Rxh7 d4 28. cxd4 Bxg2 29. Rxc7 Bd5 30. a3 Bb3 31. Kd2 Bd5 32. Re7 Kf8 33. Rf7+
Kg8 34. Rc7 a6 35. Kc3 a5 36. Nf7 Rb8 37. Nd6 b5 38. Rc8+ Rxc8+ 39. Nxc8 a4 40.
Ne7+ Kf7 41. Nxd5 exd5 42. Kb4 1-0

[Event "9. Open Club Ajedrez Ciudad los Angeles"]
[Site "Madrid ESP"]
[Date "2015.05.17"]
[Round "6.15"]
[White "Garcia-Mauriño Ayora, Gabriel"]
[Black "Gutierrez Soto, Sergio"]
[Result "0-1"]
[WhiteElo "1554"]
[BlackElo "1546"]
[PlyCount "113"]
[EventDate "2015.03.29"]
[EventType "swiss"]
[EventRounds "9"]
[EventCountry "ESP"]
[Source "lmi"]
[SourceDate "2015.03.29"]

1. d4 Nf6 2. c4 e6 3. f3 b6 4. e4 Bb4+ 5. Bd2 Bxd2+ 6. Qxd2 d6 7. b4 O-O 8. Nc3
Nbd7 9. b5 a6 10. Nh3 axb5 11. Nxb5 Ra5 12. Be2 e5 13. d5 Nc5 14. O-O Ne8 15.
Nf2 f5 16. Bd3 Nxd3 17. Nxd3 Ba6 18. Na7 Bb7 19. Nb5 Qa8 20. Nb4 fxe4 21. fxe4
Rxf1+ 22. Rxf1 Qc8 23. Qf2 Nf6 24. Qg3 Nxe4 25. Qf3 Nf6 26. h3 Ra4 27. a3 Qd7
28. g4 h6 29. Kh2 Ba6 30. Na7 Bxc4 31. Rc1 b5 32. Nac6 Ra8 33. Rg1 Rf8 34. Qg2
Qf7 35. Rd1 e4 36. Qd2 Nh7 37. Qe3 Ng5 38. h4 Nf3+ 39. Kg3 Qf6 40. Rh1 Ne5 41.
Nd4 Qg6 42. g5 h5 43. Rh2 Ng4 44. Nbc6 Rf7 45. Qe1 Nxh2 46. Kxh2 Bxd5 47. Nb4
Bc4 48. Qe3 c5 49. Nxb5 cxb4 50. Nd4 bxa3 51. Qxa3 d5 52. Qa8+ Rf8 53. Qb7 Qd6+
54. Kg2 Qf4 55. Ne6 Qg4+ 56. Kh2 Rf2+ 57. Kh1 0-1

[Event "9. Open Club Ajedrez Ciudad los Angeles"]
[Site "Madrid ESP"]
[Date "2015.05.17"]
[Round "6.16"]
[White "Jimenez Manzano, Emiliano"]
[Black "Santacruz Sanchez, Jose Luis"]
[Result "1-0"]
[WhiteElo "1517"]
[BlackElo "1196"]
[PlyCount "131"]
[EventDate "2015.03.29"]
[EventType "swiss"]
[EventRounds "9"]
[EventCountry "ESP"]
[Source "lmi"]
[SourceDate "2015.03.29"]

1. d4 d5 2. g3 e6 3. c3 Nf6 4. Nd2 Nbd7 5. Bg2 c5 6. Ngf3 Be7 7. O-O O-O 8. e3
b6 9. Ne5 Bb7 10. Ndf3 Qc7 11. Re1 Bd6 12. Nxd7 Qxd7 13. a4 a5 14. Ng5 Ne4 15.
Nxe4 dxe4 16. dxc5 bxc5 17. Qc2 Qc6 18. c4 Rfd8 19. Rd1 Be7 20. Bd2 Rd7 21. Be1
Bf6 22. Rxd7 Qxd7 23. Bxe4 Bxe4 24. Qxe4 Rb8 25. Bxa5 h6 26. Bc3 Bxc3 27. bxc3
Qb7 28. Qxb7 Rxb7 29. a5 Ra7 30. a6 Kf8 31. Ra5 Ke7 32. Rxc5 Rxa6 33. Rc7+ Kf6
34. Rd7 Ra4 35. Rd4 e5 36. Rd6+ Ke7 37. Rc6 Ra3 38. Kg2 Rxc3 39. Kf3 Rc2 40. h4
Kd7 41. Rc5 Ke6 42. e4 h5 43. Ke3 Kd6 44. Rd5+ Ke6 45. c5 f5 46. Rd6+ Ke7 47.
exf5 Rxc5 48. Re6+ Kf7 49. Ke4 Ra5 50. Rxe5 Ra4+ 51. Kd5 Kf6 52. Re4 Ra5+ 53.
Kd4 Kxf5 54. Rf4+ Ke6 55. Kd3 g5 56. hxg5 Rxg5 57. Re4+ Re5 58. f3 Kf5 59.
Rxe5+ Kxe5 60. Ke3 Kf5 61. Kd4 Kg5 62. Ke5 Kh6 63. Kf5 h4 64. gxh4 Kh5 65. f4
Kxh4 66. Kg6 1-0

[Event "9. Open Club Ajedrez Ciudad los Angeles"]
[Site "Madrid ESP"]
[Date "2015.05.24"]
[Round "7.1"]
[White "Afana, Adham Jj"]
[Black "Aziz Ortego, Omar Luis"]
[Result "0-1"]
[WhiteElo "2009"]
[BlackElo "2089"]
[PlyCount "126"]
[EventDate "2015.03.29"]
[EventType "swiss"]
[EventRounds "9"]
[EventCountry "ESP"]
[Source "lmi"]
[SourceDate "2015.03.29"]

1. e4 c5 2. c3 e5 3. d4 Nf6 4. dxe5 Nxe4 5. Bd3 d5 6. exd6 Nxd6 7. Nf3 Be7 8.
O-O O-O 9. Qc2 h6 10. Be3 c4 11. Be2 Nc6 12. Nbd2 Bf5 13. Qc1 b5 14. Nd4 Ne5
15. N2f3 Nd3 16. Bxd3 Bxd3 17. Re1 Bf6 18. a4 a6 19. axb5 Nxb5 20. Nxb5 axb5
21. Bd4 Bxd4 22. Nxd4 Qd7 23. Qf4 Rfe8 24. Rxe8+ Qxe8 25. Rxa8 Qxa8 26. Qc1 Qa4
27. h3 Kh7 28. Kh2 Qa8 29. Qf4 f6 30. Qd2 Qa7 31. Qf4 Qb6 32. Qd2 b4 33. Nf3 b3
34. Nd4 Qd6+ 35. Kg1 g5 36. Qe3 Kg7 37. f3 Kf7 38. h4 Qe5 39. Qxe5 fxe5 40. Nc6
Ke6 41. hxg5 hxg5 42. Nd8+ Ke7 43. Nc6+ Kd6 44. Nd8 Bg6 45. Nb7+ Kc6 46. Nd8+
Kd5 47. Kf2 g4 48. Ke3 g3 49. f4 e4 50. Nb7 Bf5 51. Nd8 Bg6 52. Nb7 Bh7 53. Nd8
Bg8 54. f5 Ke5 55. Ne6 Bh7 56. Nd4 Bxf5 57. Nxf5 Kxf5 58. Kd4 Kf4 59. Kxc4 Ke3
60. Kd5 Kd3 61. c4 e3 62. c5 e2 63. c6 e1=Q 0-1

[Event "9. Open Club Ajedrez Ciudad los Angeles"]
[Site "Madrid ESP"]
[Date "2015.05.24"]
[Round "7.2"]
[White "Largo Barbero, Benito"]
[Black "Lopez Ziegler, Carlos"]
[Result "1-0"]
[WhiteElo "1961"]
[BlackElo "1970"]
[PlyCount "55"]
[EventDate "2015.03.29"]
[EventType "swiss"]
[EventRounds "9"]
[EventCountry "ESP"]
[Source "lmi"]
[SourceDate "2015.03.29"]

1. d4 d5 2. Nf3 Nf6 3. Bg5 Nbd7 4. Nbd2 c6 5. e3 g6 6. Bd3 Bg7 7. c3 O-O 8. Qc2
a5 9. O-O Re8 10. Rae1 h6 11. Bf4 g5 12. Be5 Nxe5 13. Nxe5 Be6 14. f3 Qd6 15.
e4 c5 16. exd5 Bxd5 17. c4 Be6 18. d5 Nd7 19. dxe6 Nxe5 20. exf7+ Nxf7 21. Ne4
Qd4+ 22. Kh1 Red8 23. Rd1 Qxb2 24. Nxc5 Qxc2 25. Bxc2 Rxd1 26. Rxd1 Rd8 27.
Nxb7 Rc8 28. Nxa5 1-0

[Event "9. Open Club Ajedrez Ciudad los Angeles"]
[Site "Madrid ESP"]
[Date "2015.05.24"]
[Round "7.3"]
[White "Fernandez Bonilla, M. Arcangel"]
[Black "Lobato Rivero, Carlos"]
[Result "0-1"]
[WhiteElo "1802"]
[BlackElo "2030"]
[PlyCount "64"]
[EventDate "2015.03.29"]
[EventType "swiss"]
[EventRounds "9"]
[EventCountry "ESP"]
[Source "lmi"]
[SourceDate "2015.03.29"]

1. e4 c5 2. Nf3 g6 3. d4 cxd4 4. Nxd4 Nf6 5. Nc3 d6 6. Be3 Bg7 7. f3 Nc6 8.
Nxc6 bxc6 9. Bc4 O-O 10. O-O Bb7 11. Qe2 Qa5 12. Rfd1 Nd7 13. Bd4 Bxd4+ 14.
Rxd4 Qc5 15. Rad1 Nb6 16. b4 Qe5 17. Ba6 Bxa6 18. Qxa6 c5 19. R4d3 cxb4 20. Nb5
Qc5+ 21. Kf1 Qxc2 22. R1d2 Qa4 23. Nc7 Rac8 24. Qxa4 Nxa4 25. Nd5 Rc1+ 26. Kf2
Re8 27. Nxb4 Nb6 28. Rd1 Rxd1 29. Rxd1 Rc8 30. Rd2 a5 31. Nd3 Rc3 32. Ke2 Nc4
0-1

[Event "9. Open Club Ajedrez Ciudad los Angeles"]
[Site "Madrid ESP"]
[Date "2015.05.24"]
[Round "7.4"]
[White "Pindado Campos, Raul"]
[Black "Sainz Pino, Fernando"]
[Result "1/2-1/2"]
[WhiteElo "1919"]
[BlackElo "1925"]
[PlyCount "109"]
[EventDate "2015.03.29"]
[EventType "swiss"]
[EventRounds "9"]
[EventCountry "ESP"]
[Source "lmi"]
[SourceDate "2015.03.29"]

1. d4 Nf6 2. Nf3 g6 3. c4 Bg7 4. Nc3 d5 5. cxd5 Nxd5 6. e4 Nxc3 7. bxc3 c5 8.
Bb5+ Nc6 9. O-O O-O 10. Bxc6 bxc6 11. Ne5 Bxe5 12. dxe5 Ba6 13. Re1 Bd3 14. Bh6
Re8 15. Qg4 Qc8 16. Qf4 Rb8 17. Qe3 c4 18. Qxa7 Rb2 19. a4 Qe6 20. Qd4 Ra8 21.
a5 Rb5 22. a6 Qxe5 23. Qxe5 Rxe5 24. Bf4 Rb5 25. Bc7 Rb3 26. Rec1 Ra7 27. f3
Kf8 28. Bf4 Rb5 29. Be3 c5 30. Ra3 Ke8 31. Rca1 Kd7 32. Ra5 Kc6 33. Kf2 Kb6 34.
Rxb5+ Kxb5 35. e5 Rxa6 36. Rxa6 Kxa6 37. Bxc5 e6 38. Ke3 Kb5 39. Bd4 Kc6 40.
Kf4 h6 41. h4 Kd7 42. Bc5 Ke8 43. g3 Kd7 44. Bf8 h5 45. Bc5 Kc6 46. Bd4 Kd7 47.
Kg5 Be2 48. Kf4 Ke8 49. Bc5 Kd7 50. Ke3 Bd1 51. Kf4 Be2 52. Bd4 Ke8 53. Bc5 Kd7
54. g4 Ke8 55. g5 1/2-1/2

[Event "9. Open Club Ajedrez Ciudad los Angeles"]
[Site "Madrid ESP"]
[Date "2015.05.24"]
[Round "7.5"]
[White "Yeves Miquel, Enrique"]
[Black "Leniz Martinez, Francisco"]
[Result "1-0"]
[WhiteElo "1715"]
[BlackElo "1695"]
[PlyCount "39"]
[EventDate "2015.03.29"]
[EventType "swiss"]
[EventRounds "9"]
[EventCountry "ESP"]
[Source "lmi"]
[SourceDate "2015.03.29"]

1. d4 d5 2. c4 c6 3. Nc3 dxc4 4. e4 b5 5. a4 b4 6. Nce2 Nf6 7. Ng3 e6 8. Bxc4
Bb7 9. N1e2 Be7 10. O-O O-O 11. a5 c5 12. e5 Nd5 13. dxc5 Bxc5 14. Nf4 Nxf4 15.
Bxf4 a6 16. Qc2 Nd7 17. Ne4 Bxe4 18. Qxe4 Ra7 19. Bd3 Nb8 20. Qxh7# 1-0

[Event "9. Open Club Ajedrez Ciudad los Angeles"]
[Site "Madrid ESP"]
[Date "2015.05.24"]
[Round "7.6"]
[White "Martinez De Navascues, Francis"]
[Black "Rodriguez Dorado, Victor"]
[Result "1/2-1/2"]
[WhiteElo "1776"]
[BlackElo "2034"]
[PlyCount "43"]
[EventDate "2015.03.29"]
[EventType "swiss"]
[EventRounds "9"]
[EventCountry "ESP"]
[Source "lmi"]
[SourceDate "2015.03.29"]

1. b3 Nf6 2. Bb2 d5 3. e3 c5 4. Nf3 Nc6 5. Bb5 e6 6. O-O Bd7 7. a4 a6 8. Bxc6
Bxc6 9. Ne5 Bd6 10. d3 O-O 11. Nd2 Nd7 12. f4 f6 13. Nxc6 bxc6 14. e4 e5 15. f5
c4 16. dxc4 d4 17. Rf3 Rf7 18. Ba3 c5 19. Qe2 Qa5 20. Raf1 Kf8 21. Rh3 h6 22.
Nf3 1/2-1/2

[Event "9. Open Club Ajedrez Ciudad los Angeles"]
[Site "Madrid ESP"]
[Date "2015.05.24"]
[Round "7.7"]
[White "Tarrio Ocana, Jose Manuel"]
[Black "Campos Diaz, Fernando"]
[Result "1-0"]
[WhiteElo "1840"]
[BlackElo "1683"]
[PlyCount "59"]
[EventDate "2015.03.29"]
[EventType "swiss"]
[EventRounds "9"]
[EventCountry "ESP"]
[Source "lmi"]
[SourceDate "2015.03.29"]

1. e4 c5 2. Nc3 d6 3. Bb5+ Bd7 4. Bxd7+ Qxd7 5. f4 Nc6 6. Nf3 g6 7. O-O Bg7 8.
d3 Nf6 9. Qe1 O-O 10. h3 Nd4 11. Nxd4 cxd4 12. Ne2 e5 13. c3 dxc3 14. Nxc3 Qc6
15. Be3 exf4 16. Rxf4 Nh5 17. Rf3 f5 18. Nd5 Qd7 19. Rc1 Rac8 20. Rxc8 Rxc8 21.
exf5 Nf6 22. Nxf6+ Bxf6 23. fxg6 Qe7 24. gxh7+ Kxh7 25. Qf2 Kg7 26. Rg3+ Kf7
27. Bg5 Qe5 28. Bxf6 Rc1+ 29. Kh2 Qxf6 30. Rf3 1-0

[Event "9. Open Club Ajedrez Ciudad los Angeles"]
[Site "Madrid ESP"]
[Date "2015.05.24"]
[Round "7.8"]
[White "Cuellar Gutierrez, Raul"]
[Black "Huerto Moreno, Jorge"]
[Result "1-0"]
[WhiteElo "1781"]
[BlackElo "1572"]
[PlyCount "125"]
[EventDate "2015.03.29"]
[EventType "swiss"]
[EventRounds "9"]
[EventCountry "ESP"]
[Source "lmi"]
[SourceDate "2015.03.29"]

1. e4 e5 2. Nf3 Nc6 3. d4 exd4 4. Nxd4 Bc5 5. Be3 Bxd4 6. Bxd4 Nf6 7. Nc3 O-O
8. Be2 Re8 9. f3 a6 10. O-O d6 11. Bf2 Nh5 12. Qd2 Qf6 13. Nd5 Qg6 14. Nxc7 Bh3
15. Bg3 Nxg3 16. hxg3 Qxg3 17. Rf2 Ne5 18. Nxe8 Rxe8 19. f4 Ng6 20. Qd3 Qxd3
21. Bxd3 Bd7 22. Re1 Ne7 23. Rfe2 Bg4 24. Re3 Ng6 25. g3 h5 26. Be2 Bxe2 27.
R1xe2 f6 28. Rd2 Rc8 29. Red3 h4 30. Kh2 Re8 31. Rxd6 Rxe4 32. Rd8+ Kh7 33.
R8d4 Re3 34. gxh4 Nxh4 35. R4d3 Nf3+ 36. Kg2 Ne1+ 37. Kf2 Nxd3+ 38. Kxe3 Nxb2
39. Rd4 b5 40. Rd7 Nc4+ 41. Kf2 Kg6 42. Ra7 a5 43. Rb7 Na3 44. c3 Kh6 45. Kg3
Kg6 46. Kg4 f5+ 47. Kh4 Kh6 48. Rb6+ g6 49. Rb7 a4 50. Rb6 Nb1 51. c4 Nc3 52.
c5 Nd5 53. Rxb5 Nxf4 54. c6 Ne6 55. Rb7 g5+ 56. Kg3 f4+ 57. Kf2 g4 58. c7 g3+
59. Kg2 Nxc7 60. Rxc7 Kg5 61. Kf3 Kh4 62. Ra7 Kh3 63. Rh7# 1-0